|
|
|
|
| LEADER |
01096nam a2200277 i 4500 |
| 001 |
c000254941 |
| 003 |
CARM |
| 005 |
00000000000000.0 |
| 008 |
841001s1965 enk 0 eng d |
| 019 |
1 |
|
|a 4154693
|z 9886888
|z 23754902
|z 55553432
|5 LACONCORD2021
|
| 035 |
|
|
|a (OCoLC)265979
|5 LACONCORD2021
|
| 043 |
|
|
|a e-uk---
|
| 082 |
0 |
4 |
|a 364.720942
|
| 100 |
1 |
|
|a Hood, Roger G.
|
| 245 |
1 |
0 |
|a Borstal re-assessed.
|
| 260 |
|
|
|a London :
|b Heinemann,
|c [1965].
|
| 300 |
|
|
|a 244 p.
|
| 440 |
|
0 |
|a Cambridge studies in criminology ;
|v 20
|
| 500 |
|
|
|a The Heinemann library of criminology and penal reform.
|
| 504 |
|
|
|a Bibliography: p.229-235.
|
| 650 |
|
0 |
|a Juvenile detention homes
|z Great Britain.
|
| 852 |
8 |
|
|b CARM
|h A2:AR33G0
|i B07133
|p 0361453
|f BK
|
| 852 |
8 |
|
|b CARM
|h A1:AM20G0
|i B09511
|p 0432097
|f BK
|
| 999 |
f |
f |
|i 1bcc332c-57df-5309-80c4-69ee487e367f
|s b13d23bf-3b7d-5137-a760-91b5456d2176
|
| 952 |
f |
f |
|p Can circulate
|a CAVAL
|b CAVAL
|c CAVAL
|d CARM 1 Store
|e B09511
|f A1:AM20G0
|h Other scheme
|i book
|m 0432097
|
| 952 |
f |
f |
|p Can circulate
|a CAVAL
|b CAVAL
|c CAVAL
|d CARM 1 Store
|e B07133
|f A2:AR33G0
|h Other scheme
|i book
|m 0361453
|